[Event "1st Welsh Masters 2019"]
[Site "Bridgend"]
[Date "2019.08.27"]
[Round "4.1"]
[White "Turner, Matthew J"]
[Black "Willow, Jonah B"]
[Result "1-0"]
[WhiteElo "2519"]
[BlackElo "2326"]
[Annotator "ChessBase"]
[PlyCount "55"]
[EventDate "2019.08.26"]
[EventType "tourn"]
[EventCountry "WLS"]
[SourceTitle "playchess.com"]
[Source "ChessBase"]
[SourceQuality "1"]
[TimeControl "5400+30"]

1. d4 Nf6 {[%emt 0:00:00]} 2. Nf3 {[%emt 0:00:53]} e6 {[%emt 0:00:00]} 3. Bg5 {[%emt 0:01:23]} h6 {[%emt 0:00:00]} 4. Bh4 {[%emt 0:00:24]} b6 {[%emt 0:00:00]} 5. Nbd2 {[%emt 0:00:41]} Bb7 {[%emt 0:00:05]} 6. e3 {[%emt 0:00:23]} Be7 {[%emt 0:00:22]} 7. c3 {[%emt 0:00:58]} c5 {[%emt 0:03:53]} 8. a4 {[%emt 0:06:24]} cxd4 {[%emt 0:00:43]} 9. exd4 {[%emt 0:00:31]} d6 {[%emt 0:08:56]} 10. Bb5+ {[%emt 0:03:59]} Nbd7 {[%emt 0:07:43]} 11. Bxf6 {[%emt 0:00:53]} Bxf6 {[%emt 0:02:29]} 12. a5 {[%emt 0:00:26]} a6 {[%emt 0:15:02]} 13. Bd3 {[%emt 0:20:26]} b5 {[%emt 0:07:41]} 14. O-O {[%emt 0:00:40]} Bxf3 {[%emt 0:02:05]} 15. Qxf3 {[%emt 0:01:43]} d5 {[%emt 0:00:13]} 16. Qh3 {[%emt 0:06:53]} Qc7 {[%emt 0:13:19]} 17. f4 {[%emt 0:04:42]} b4 {[%emt 0:03:12]} 18. Rac1 {[%emt 0:01:49]} bxc3 {[%emt 0:04:39]} 19. bxc3 {[%emt 0:00:12]} Rb8 {[%emt 0:02:11]} 20. Rc2 {[%emt 0:06:44]} Qxa5 {[%emt 0:06:03]} 21. Nf3 {[%emt 0:00:48]} Qb6 {[%emt 0:05:06]} 22. Kh1 {[%emt 0:03:02]} Qd6 {[%emt 0:13:51]} 23. g4 {[%emt 0:06:44]} g6 {[%emt 0:00:26]} 24. f5 {[%emt 0:01:02]} exf5 {[%emt 0:00:15]} 25. gxf5 {[%emt 0:00:20]} g5 {[%emt 0:00:05]} 26. Re2+ {[%emt 0:06:06]} Kf8 {[%emt 0:00:12]} 27. Ne5 {[%emt 0:00:50]} Re8 {[%emt 0:02:54]} 28. Nxf7 {[%emt 0:01:31]} 1-0

[Event "1st Welsh Masters 2019"]
[Site "Bridgend"]
[Date "2019.08.27"]
[Round "4.2"]
[White "Toczek, Grzegorz"]
[Black "Kett, Tim"]
[Result "1-0"]
[WhiteElo "2246"]
[BlackElo "2245"]
[Annotator "NA"]
[PlyCount "53"]
[EventDate "2019.08.26"]
[EventType "tourn"]
[EventCountry "WLS"]
[SourceTitle "playchess.com"]
[Source "ChessBase"]
[SourceQuality "1"]
[TimeControl "5400+30"]

1. e4 {[%emt 0:00:00]} d6 {[%emt 0:00:00]} 2. d4 {[%emt 0:00:00]} Nf6 {[%emt 0:00:00]} 3. Nc3 {[%emt 0:00:00]} e5 {[%emt 0:00:00]} 4. Nf3 {[%emt 0:00:00]} Nbd7 {[%emt 0:00:02]} 5. g4 {[%emt 0:00:35]} g6 {[%emt 0:09:59]} 6. g5 {[%emt 0:00:04]} Nh5 {[%emt 0:00:10]} 7. Be3 {[%emt 0:03:30]} Bg7 {[%emt 0:00:41]} 8. Qd2 {[%emt 0:01:42]} O-O {[%emt 0:01:09]} 9. Be2 {[%emt 0:05:24]} c6 {[%emt 0:10:59]} 10. O-O-O {[%emt 0:13:28]} Qa5 {[%emt 0:02:19]} 11. Kb1 {[%emt 0:00:46]} b5 {[%emt 0:02:15]} 12. a3 {[%emt 0:05:30]} Rb8 {[%emt 0:05:21]} 13. dxe5 {[%emt 0:00:04]} dxe5 {[%emt 0:03:48]} 14. Nd5 {[%emt 0:00:32]} Qd8 {[%emt 0:00:55]} 15. Nb4 {[%emt 0:00:18]} Qc7 {[%emt 0:08:02]} 16. Qd6 {[%emt 0:00:10]} Rb7 {[%emt 0:00:46]} 17. Nxc6 {[%emt 0:00:48]} Nf4 {[%emt 0:01:19]} 18. Qxc7 {[%emt 0:05:29]} Rxc7 {[%emt 0:00:05]} 19. Bxb5 {[%emt 0:00:08]} Rxc6 {[%emt 0:06:51]} 20. Bxc6 {[%emt 0:04:54]} Nb8 {[%emt 0:00:08]} 21. Bxf4 {[%emt 0:00:05]} exf4 {[%emt 0:07:40]} 22. Bd5 {[%emt 0:00:31]} Bg4 {[%emt 0:00:27]} 23. Rd3 {[%emt 0:00:06]} Nd7 {[%emt 0:00:10]} 24. h3 {[%emt 0:03:52]} Bh5 {[%emt 0:00:32]} 25. b4 {[%emt 0:00:32]} a5 {[%emt 0:00:35]} 26. Re1 {[%emt 0:07:03]} axb4 {[%emt 0:00:12]} 27. axb4 {[%emt 0:00:22]} 1-0

[Event "1st Welsh Masters 2019"]
[Site "Bridgend"]
[Date "2019.08.27"]
[Round "4.3"]
[White "James, Dai"]
[Black "Arkell, Keith C"]
[Result "0-1"]
[WhiteElo "1858"]
[BlackElo "2445"]
[Annotator "NA"]
[PlyCount "70"]
[EventDate "2019.08.26"]
[EventType "tourn"]
[EventCountry "WLS"]
[SourceTitle "playchess.com"]
[Source "ChessBase"]
[SourceQuality "1"]
[TimeControl "5400+30"]

1. e4 {[%emt 0:00:02]} c6 {[%emt 0:00:00]} 2. d3 {[%emt 0:01:26]} d5 {[%emt 0:00:00]} 3. Nd2 {[%emt 0:00:05]} Qc7 {[%emt 0:00:00]} 4. g3 {[%emt 0:00:33]} Nf6 {[%emt 0:00:02]} 5. Bg2 {[%emt 0:00:55]} e5 {[%emt 0:01:31]} 6. Ngf3 {[%emt 0:01:33]} Bg4 {[%emt 0:00:07]} 7. h3 {[%emt 0:01:02]} Bxf3 {[%emt 0:00:10]} 8. Qxf3 {[%emt 0:02:25]} Nbd7 {[%emt 0:00:06]} 9. O-O {[%emt 0:00:45]} Be7 {[%emt 0:02:42]} 10. Re1 {[%emt 0:04:11]} O-O {[%emt 0:00:08]} 11. c3 {[%emt 0:02:47]} Rad8 {[%emt 0:01:23]} 12. Nf1 {[%emt 0:00:35]} dxe4 {[%emt 0:00:12]} 13. dxe4 {[%emt 0:00:08]} Nc5 {[%emt 0:00:08]} 14. Qe2 {[%emt 0:01:01]} Nd3 {[%emt 0:00:32]} 15. Rd1 {[%emt 0:01:15]} Nxc1 {[%emt 0:00:12]} 16. Raxc1 {[%emt 0:00:55]} Bc5 {[%emt 0:00:42]} 17. Nd2 {[%emt 0:24:23]} a5 {[%emt 0:01:44]} 18. a4 {[%emt 0:01:41]} h5 {[%emt 0:02:59]} 19. Nf3 {[%emt 0:07:04]} g6 {[%emt 0:02:13]} 20. Ne1 {[%emt 0:02:11]} h4 {[%emt 0:01:35]} 21. Kh2 {[%emt 0:00:52]} hxg3+ {[%emt 0:00:36]} 22. fxg3 {[%emt 0:00:19]} Kg7 {[%emt 0:00:13]} 23. Rxd8 {[%emt 0:02:38]} Rxd8 {[%emt 0:00:05]} 24. Rd1 {[%emt 0:04:59]} Rh8 {[%emt 0:06:29]} 25. Nd3 {[%emt 0:08:42]} Ba7 {[%emt 0:01:08]} 26. Rf1 {[%emt 0:01:48]} Qd6 {[%emt 0:00:43]} 27. g4 {[%emt 0:09:57]} Nh7 {[%emt 0:07:20]} 28. Rd1 {[%emt 0:05:32]} Qe7 {[%emt 0:01:07]} 29. Qf3 {[%emt 0:03:11]} Qg5 {[%emt 0:03:10]} 30. Rf1 {[%emt 0:06:38]} Nf6 {[%emt 0:00:20]} 31. Kh1 {[%emt 0:01:29]} b5 {[%emt 0:06:26]} 32. Nf2 {[%emt 0:01:30]} Rd8 {[%emt 0:05:54]} 33. Nd3 {[%emt 0:00:42]} Rd6 {[%emt 0:04:02]} 34. Kh2 {[%emt 0:00:35]} Be3 {[%emt 0:00:40]} 35. Kh1 {[%emt 0:00:24]} Rxd3 {[%emt 0:52:51]} 0-1

[Event "1st Welsh Masters 2019"]
[Site "Bridgend"]
[Date "2019.08.27"]
[Round "4.5"]
[White "Taylor, Adam C"]
[Black "Waddington, Mike P"]
[Result "1-0"]
[WhiteElo "2402"]
[BlackElo "2023"]
[Annotator "NA"]
[PlyCount "69"]
[EventDate "2019.08.26"]
[EventType "tourn"]
[EventCountry "WLS"]
[SourceTitle "playchess.com"]
[Source "ChessBase"]
[SourceQuality "1"]
[TimeControl "5400+30"]

1. Nf3 {[%emt 0:00:00]} Nf6 {[%emt 0:00:00]} 2. c4 {[%emt 0:00:00]} g6 {[%emt 0:00:00]} 3. b3 {[%emt 0:00:00]} Bg7 {[%emt 0:00:12]} 4. Bb2 {[%emt 0:00:00]} O-O {[%emt 0:00:21]} 5. g3 {[%emt 0:00:03]} d6 {[%emt 0:00:31]} 6. d4 {[%emt 0:00:04]} Nc6 {[%emt 0:02:17]} 7. Bg2 {[%emt 0:00:30]} e5 {[%emt 0:00:55]} 8. O-O {[%emt 0:06:11]} exd4 {[%emt 0:07:18]} 9. Nxd4 {[%emt 0:00:07]} Bd7 {[%emt 0:00:41]} 10. Nc3 {[%emt 0:00:54]} Re8 {[%emt 0:01:05]} 11. e3 {[%emt 0:01:10]} Nxd4 {[%emt 0:03:37]} 12. exd4 {[%emt 0:01:36]} Bc6 {[%emt 0:02:00]} 13. d5 {[%emt 0:00:22]} Bd7 {[%emt 0:00:08]} 14. Qd2 {[%emt 0:02:42]} Bf5 {[%emt 0:02:09]} 15. f3 {[%emt 0:08:23]} h5 {[%emt 0:06:52]} 16. Rae1 {[%emt 0:06:30]} Qd7 {[%emt 0:04:18]} 17. Ne4 {[%emt 0:05:51]} Nxe4 {[%emt 0:15:43]} 18. fxe4 {[%emt 0:00:17]} Bxb2 {[%emt 0:00:56]} 19. exf5 {[%emt 0:00:09]} Bg7 {[%emt 0:09:58]} 20. fxg6 {[%emt 0:07:49]} fxg6 {[%emt 0:00:43]} 21. Re6 {[%emt 0:00:03]} Rf8 {[%emt 0:03:32]} 22. Rfe1 {[%emt 0:05:36]} Rae8 {[%emt 0:06:52]} 23. Bh3 {[%emt 0:03:41]} Qd8 {[%emt 0:08:38]} 24. Rxg6 {[%emt 0:02:19]} Rxe1+ {[%emt 0:01:22]} 25. Qxe1 {[%emt 0:00:05]} Qe8 {[%emt 0:01:43]} 26. Be6+ {[%emt 0:13:31]} Kh8 {[%emt 0:02:23]} 27. Qe4 {[%emt 0:01:39]} Rf6 {[%emt 0:02:32]} 28. Rg5 {[%emt 0:00:37]} Rh6 {[%emt 0:03:30]} 29. h4 {[%emt 0:01:29]} b6 {[%emt 0:00:40]} 30. Qf5 {[%emt 0:01:01]} a5 {[%emt 0:08:44]} 31. a4 {[%emt 0:00:05]} c6 {[%emt 0:02:48]} 32. Kh1 {[%emt 0:02:36]} cxd5 {[%emt 0:00:10]} 33. cxd5 {[%emt 0:00:15]} b5 {[%emt 0:00:10]} 34. axb5 {[%emt 0:00:20]} Qxb5 {[%emt 0:00:09]} 35. Rxg7 {[%emt 0:00:20]} 1-0

[Event "1st Welsh Masters 2019"]
[Site "Bridgend"]
[Date "2019.08.28"]
[Round "5.1"]
[White "Waddington, Mike P"]
[Black "Turner, Matthew J"]
[Result "0-1"]
[WhiteElo "2023"]
[BlackElo "2519"]
[Annotator "TA"]
[PlyCount "76"]
[EventDate "2019.08.26"]
[EventType "tourn"]
[EventCountry "WLS"]
[SourceTitle "playchess.com"]
[Source "ChessBase"]
[SourceQuality "1"]

{[%evp 12,76,21,13,24,11,9,1,49,43,44,-2,70,-25,0,-16,0,0,14,14,14,24,26,0,-12,-19,0,-14,-23,-15,-15,-35,-55,-70,-24,-137,-14,-24,-8,-18,-21,-97,-8,-209,-146,-131,-117,-223,-164,-159,-110,-579,-565,-718,-511,-29987,-29988,-29988,-29989,-29989,-29983,-29992,-29993,-29993,-29994,-29995,-29995]} 1. b3 d5 2. Bb2 c6 3. e3 Nf6 4. f4 Bg4 5. Nf3 Nbd7 6. Be2 Bxf3 7. Bxf3 e6 {A03: Bird's Opening with 1...d5} (7... Qc7 8. d4 e6 9. O-O Rg8 10. c4 g5 11. Nc3 gxf4 12. e4 dxc4 13. Kh1 e5 14. d5 h5 15. Qe2 Ng4 16. Rfc1 {½-½ (40) Bricard,E (2502)-Fressinet,L (2698) Caen 2011}) 8. O-O Bd6 9. d4 h6 $146 {The position is equal.} ({Predecessor:} 9... O-O 10. Qd3 Ne8 11. c4 f5 12. Nd2 Rf6 13. c5 Bc7 {½-½ (32) Patzer,J (2394)-Skorna,U (2398) ICCF email 2003}) 10. c4 g5 11. g3 Rg8 ({Black should play} 11... gxf4 $11 12. exf4 h5) 12. Bg2 ({White should try} 12. Nc3 $14) 12... gxf4 13. exf4 h5 14. Nc3 Qe7 15. cxd5 cxd5 16. Nb5 h4 $1 17. a4 hxg3 18. h3 Ne4 19. Nxd6+ Qxd6 20. Ba3 Qb6 {Hoping for ...Nc3.} 21. Bxe4 dxe4 22. Rc1 Nf6 {Threatens to win with ...Nd5.} 23. Bc5 (23. f5 $1 $11 {keeps the balance.}) 23... Qd8 (23... Qc7 $1 $17 24. Qe2 Qd7) 24. f5 $1 $11 Qd7 25. fxe6 Qxe6 26. Qe2 {[#]} Rg6 (26... a6 $1 $17 {And now ...Rg6 would win.} 27. Rxf6 {[%mdl 64] Remove Defender} Qxf6 28. Qxe4+ Qe6) 27. Kg2 $2 (27. Qb5+ $11 {and White is okay.} Nd7 28. Qxb7) 27... Rh6 ({Less strong is} 27... Qxb3 28. Rf5 $17) 28. Qb5+ {[#]} Nd7 $1 29. Rh1 (29. h4 $17) 29... Qd5 $40 {[%mdl 128] aiming for ...Rf6. Black has strong attack.} 30. Qe2 Qxb3 31. Qxe4+ $2 {[%mdl 8192]} (31. Rc4 $17) 31... Re6 $19 32. Qc2 Nxc5 33. dxc5 (33. Qxb3 $19 Nxb3 34. Rc7) 33... Qd5+ {Black mates.} 34. Kg1 O-O-O 35. h4 Rde8 36. Qc3 Re3 37. Qb4 R8e4 38. Qa5 {[#]} Qd4 {Played: Qd5-a2} 0-1

[Event "1st Welsh Masters 2019"]
[Site "Bridgend"]
[Date "2019.08.28"]
[Round "5.2"]
[White "Varley, Peter"]
[Black "Taylor, Adam C"]
[Result "0-1"]
[WhiteElo "2171"]
[BlackElo "2402"]
[Annotator "NA"]
[PlyCount "62"]
[EventDate "2019.08.26"]
[EventType "tourn"]
[EventCountry "WLS"]
[SourceTitle "playchess.com"]
[Source "ChessBase"]
[SourceQuality "1"]
[TimeControl "5400+30"]

{[%evp 8,52,16,22,75,66,71,37,33,38,29,12,26,47,32767,32767,32767,32767,0,-16,-12,-26,-12,-13,5,-2,35,18,12,0,32767,0,32767,32767,89,32767,262,61,160,0,0,0,0,-27,-43,-347,-358]} 1. d4 {[%emt 0:00:00]} Nf6 {[%emt 0:00:00]} 2. c4 {[%emt 1:31:00]} c5 {[%emt 0:00:17]} 3. d5 {[%emt 0:00:00]} b5 {[%emt 0:00:05]} 4. cxb5 {[%emt 0:00:00]} a6 {[%emt 0:00:05]} 5. bxa6 {[%emt 0:00:00]} g6 {[%emt 0:00:06]} 6. Nc3 {[%emt 0:00:00] A58: Benko/Volga Gambit: Lines with 5 bxa6} Bg7 {[%emt 0:00:04]} 7. g3 {[%emt 0:00:00]} (7. e4 O-O 8. e5 Ne8 9. h4 Bxe5 10. Bh6 Bxa6 11. h5 Ng7 12. Nf3 Bxc3+ 13. bxc3 Bxf1 14. Kxf1 {1-0 (22) So,W (2780)-Duda,J (2737) chess.com INT 2018}) 7... Qa5 {[%emt 0:03:27]} 8. Bd2 {[%emt 0:00:00]} O-O {[%emt 0:07:36]} 9. Bg2 {[%emt 0:00:00]} d6 {[%emt 0:00:05]} 10. Nf3 {[%emt 0:00:00]} Qb6 {[%emt 0:00:09]} 11. b3 {[%emt 0:00:00]} Nxa6 {[%emt 0:00:26]} 12. O-O {[%emt 0:00:00]} Nb4 {[%emt 0:04:08]} 13. Ng5 $146 {[%emt 0:00:00]} ({Predecessor:} 13. Nh4 Bb7 14. e4 Ba6 15. Re1 Nd7 16. Na4 {0-1 (44) Drasko,M (2555)-Martinovic,S (2495) Niksic 1997}) 13... Bb7 {[%emt 0:12:12]} 14. e4 {[%emt 0:00:00]} Ba6 {[%emt 0:00:27]} 15. Re1 {[%emt 0:00:00]} Nd7 {[%emt 0:12:18]} 16. Na4 {[%emt 0:00:00]} Qb7 {[%emt 0:00:42]} 17. Bc3 {[%emt 0:00:00]} Ne5 {[%emt 0:09:19]} 18. Bf1 {[%emt 0:00:00]} h6 {[%emt 0:17:33]} 19. Nh3 {[%emt 0:00:00]} f5 {[%emt 0:00:05]} 20. Bxa6 {[%emt 0:00:00]} Qxa6 {[%emt 0:01:43]} 21. exf5 {[%emt 0:00:00]} Qa7 $2 {[%emt 0:13:54]} (21... Qd3 $16 {might work better.}) 22. f4 $2 {[%emt 0:00:00]} (22. Nf4 $18) 22... Ned3 {[%emt 0:00:09] [#]} (22... c4+ $1 $14 23. Kh1 cxb3) 23. Bxg7 {[%emt 0:00:00]} ({Not} 23. fxg6 c4+ 24. Kh1 Bxc3 $17) (23. Qg4 $1 $16 c4+ 24. Kf1 Rxf5 25. Qxg6) 23... Kxg7 {[%emt 0:00:17]} 24. Re6 {[%emt 0:00:00]} Rxf5 {[%emt 0:01:17]} 25. Qg4 {[%emt 0:00:00]} Rf6 {[%emt 0:00:32]} 26. Nc3 $2 {[%emt 0:00:00]} ({White should try} 26. Re4 $1 $15) 26... c4+ $19 {[%emt 0:03:15]} 27. Kg2 {[%emt 0:01:02]} Nc2 {[%emt 0:00:53]} 28. Qe2 {[%emt 0:02:23]} Rxe6 {[%emt 0:02:47]} 29. Qxc2 {[%emt 0:01:34]} Ne1+ {[%emt 0:00:57]} 30. Rxe1 {[%emt 0:00:05]} Rxe1 {[%emt 0:00:03]} 31. Ne4 {[%emt 0:01:24]} Qxa2 {[%emt 0:00:06]} 0-1

[Event "1st Welsh Masters 2019"]
[Site "Bridgend"]
[Date "2019.08.28"]
[Round "5.3"]
[White "Arkell, Keith C"]
[Black "Rudd, Jack"]
[Result "1/2-1/2"]
[WhiteElo "2445"]
[BlackElo "2281"]
[Annotator "TA"]
[PlyCount "64"]
[EventDate "2019.08.26"]
[EventType "tourn"]
[EventCountry "WLS"]
[SourceTitle "playchess.com"]
[Source "ChessBase"]
[SourceQuality "1"]

{[%evp 15,64,0,0,-4,15,-6,0,0,19,17,25,0,4,8,15,12,26,0,22,-54,-54,-83,-92,-77,-64,-66,-61,-65,-54,-61,-47,-57,-41,-41,-51,-67,-66,-58,-27,-25,-25,-25,-5,-5,0,-5,0,0,0,-9,0]} 1. c4 c6 2. Nf3 d5 3. e3 Nf6 4. b3 Bf5 5. Bb2 Nbd7 6. Be2 h6 7. O-O e6 8. d4 Bd6 9. Nbd2 {A06: Réti Opening:1 Nf3 d5} O-O 10. Ne5 (10. a3 Ne4 11. b4 Qe7 12. Nb3 dxc4 13. Bxc4 Nb6 14. Bd3 Na4 15. Qc2 Ng5 16. Nxg5 Bxd3 17. Qxd3 hxg5 18. Bc1 e5 19. Qc2 Nb6 20. dxe5 Bxe5 21. Bb2 Bxb2 22. Qxb2 Rad8 {½-½ (22) Granda Zuniga,J (2640)-Postny,E (2648) Nancy 2010}) 10... Qe7 11. Ndf3 Ba3 (11... Rfd8 {is more complex.} 12. Rc1 Bc7 13. Nd3 dxc4 14. bxc4 c5) 12. Bxa3 Qxa3 13. Nxd7 $146 (13. Bd3 {is interesting.} Qe7 14. Nxd7 Qxd7 15. Ne5 Qc7 16. Qc2) ({Predecessor:} 13. Bd3 Bxd3 14. Qxd3 {½-½ (40) Zanganeh,B (2002)-Barzigar,B (2185) Bushehr 2015}) 13... Nxd7 14. Qc1 Qxc1 15. Raxc1 Rfc8 16. Rc3 Nf6 17. cxd5 (17. Ne5 $11) 17... Ne4 $1 $15 {[%cal Re4c3]} 18. Rcc1 {[#] aiming for dxc6.} cxd5 19. Rfe1 Nc3 20. Ra1 $1 Nxe2+ 21. Rxe2 Rc3 22. Ne1 a5 23. f3 Bg6 24. Kf2 b5 25. Rb2 Rac8 26. Rd1 Rc1 27. Rxc1 Rxc1 $11 {KRB-KRN} 28. Ke2 Ra1 29. Nc2 {The position is equal.} Rc1 30. Kd2 Rf1 {Black wants to play ...Rf2+.} 31. Ke2 Rc1 32. Kd2 Rf1 {Accuracy: White = 59%, Black = 28%.} 1/2-1/2

[Event "1st Welsh Masters 2019"]
[Site "Bridgend"]
[Date "2019.08.28"]
[Round "5.4"]
[White "Kett, Tim"]
[Black "James, Dai"]
[Result "1-0"]
[WhiteElo "2245"]
[BlackElo "1858"]
[Annotator "NA"]
[PlyCount "55"]
[EventDate "2019.08.26"]
[EventType "tourn"]
[EventCountry "WLS"]
[SourceTitle "playchess.com"]
[Source "ChessBase"]
[SourceQuality "1"]
[TimeControl "5400+30"]

{[%evp 12,48,5,-8,5,18,12,0,46,25,32767,32767,32767,0,27,16,20,32767,32767,32767,32767,32767,32767,32767,32767,32767,32767,32767,32767,32767,32767,214,231,232,270,292,287,291,274]} 1. d4 {[%emt 0:00:00]} e6 {[%emt 0:01:08]} 2. Nf3 {[%emt 0:01:40]} Nf6 {[%emt 0:01:55]} 3. Bg5 {[%emt 0:00:40]} c5 {[%emt 0:03:02]} 4. e3 {[%emt 0:00:23]} d5 {[%emt 0:08:52]} 5. Bd3 {[%emt 0:01:52]} Be7 {[%emt 0:00:36]} 6. O-O {[%emt 0:00:19]} O-O {[%emt 0:03:26]} 7. c4 {[%emt 0:11:55]} Nbd7 {[%emt 0:07:23]} 8. Nc3 {[%emt 0:00:30]} b6 {[%emt 0:00:49]} 9. cxd5 {[%emt 0:04:48]} exd5 {[%emt 0:04:23]} 10. Rc1 {[%emt 0:05:11]} Bb7 {[%emt 0:01:26]} 11. dxc5 {[%emt 0:02:18]} bxc5 {[%emt 0:06:08]} 12. Qe2 {[%emt 0:09:20]} Ne4 {[%emt 0:10:09] D55: Queen's Gambit Declined: 4 Bg5 Be7: Lines without ...h6 and 6...h6 7 Bxf6} 13. Bxe7 {[%emt 0:03:22]} Qxe7 {[%emt 0:02:15]} 14. Ba6 {[%emt 0:08:23]} Ne5 $146 {[%emt 0:09:59]} ({Predecessor:} 14... Ndf6 15. Bxb7 Qxb7 16. Na4 Qb4 17. Qc2 Rfc8 18. a3 Qb7 19. Rfd1 Rab8 20. Nd2 Nxd2 21. Qxd2 c4 22. Qc2 h6 {0-1 (59) Radosevic,N (2240)-Ostojic,N (2445) Belgrade 1993}) 15. Bxb7 {[%emt 0:05:14]} Nxf3+ {[%emt 0:02:06]} 16. gxf3 {[%emt 0:00:26]} Nxc3 {[%emt 0:02:42]} 17. Rxc3 {[%emt 0:00:15]} Qxb7 {[%emt 0:00:02]} 18. Rxc5 {[%emt 0:00:12]} Rad8 {[%emt 0:01:50]} 19. Rd1 {[%emt 0:02:48]} Rfe8 {[%emt 0:01:37]} 20. Qb5 {[%emt 0:01:53]} Qa8 {[%emt 0:02:43]} 21. Rcxd5 {[%emt 0:01:37]} h6 {[%emt 0:04:05]} 22. b4 {[%emt 0:11:14]} Qc8 {[%emt 0:06:24]} 23. Rxd8 {[%emt 0:05:12]} Rxd8 {[%emt 0:00:15]} 24. Rxd8+ {[%emt 0:00:08]} Qxd8 $18 {[%emt 0:00:05]} 25. a4 {[%emt 0:00:33]} g5 {[%emt 0:04:02]} 26. Qc6 {[%emt 0:02:39]} g4 {[%emt 0:01:15]} 27. Kg2 {[%emt 0:05:58]} Qh4 {[%emt 0:06:01]} 28. Qc8+ {[%emt 0:00:21]} 1-0

[Event "1st Welsh Masters 2019"]
[Site "Bridgend"]
[Date "2019.08.28"]
[Round "5.5"]
[White "Willow, Jonah B"]
[Black "Toczek, Grzegorz"]
[Result "1-0"]
[WhiteElo "2326"]
[BlackElo "2246"]
[Annotator "ChessBase"]
[PlyCount "65"]
[EventDate "2019.08.26"]
[EventType "tourn"]
[EventCountry "WLS"]
[SourceTitle "playchess.com"]
[Source "ChessBase"]
[SourceQuality "1"]
[TimeControl "5400+30"]

1. e4 {[%emt 0:00:00]} d5 {[%emt 0:00:06]} 2. Nc3 {[%emt 0:00:00]} d4 {[%emt 0:00:15]} 3. Nce2 {[%emt 0:00:00]} e5 {[%emt 0:00:24]} 4. Ng3 {[%emt 0:00:00]} Be6 {[%emt 0:00:16]} 5. c3 {[%emt 0:00:08]} c5 {[%emt 0:00:33]} 6. Bb5+ {[%emt 0:00:11]} Nc6 {[%emt 0:01:41]} 7. Nf3 {[%emt 0:01:58]} Bd6 {[%emt 0:02:11]} 8. Qe2 {[%emt 0:04:19]} f6 {[%emt 0:03:17]} 9. O-O {[%emt 0:03:37]} Nge7 {[%emt 0:01:39]} 10. Bc4 {[%emt 0:05:03]} Qd7 {[%emt 0:00:11]} 11. Nh4 {[%emt 0:01:32]} g6 {[%emt 0:06:50]} 12. Bxe6 {[%emt 0:10:31]} Qxe6 {[%emt 0:02:00]} 13. d3 {[%emt 0:00:08]} O-O {[%emt 0:05:11]} 14. Bd2 {[%emt 0:03:21]} Rf7 {[%emt 0:07:29]} 15. c4 {[%emt 0:06:24]} Nc8 {[%emt 0:10:44]} 16. a3 {[%emt 0:08:54]} a5 {[%emt 0:01:03]} 17. Rae1 {[%emt 0:02:46]} Bf8 {[%emt 0:04:01]} 18. Nh1 {[%emt 0:04:22]} Ra6 {[%emt 0:05:44]} 19. g3 {[%emt 0:01:20]} Rb6 {[%emt 0:01:34]} 20. Bc1 {[%emt 0:00:41]} f5 {[%emt 0:05:50]} 21. exf5 {[%emt 0:06:31]} gxf5 {[%emt 0:00:02]} 22. f4 {[%emt 0:00:05]} e4 {[%emt 0:00:21]} 23. dxe4 {[%emt 0:00:50]} Qxe4 {[%emt 0:07:18]} 24. Qh5 {[%emt 0:14:07]} Qd3 {[%emt 0:00:15]} 25. Qg5+ {[%emt 0:00:04]} Kh8 {[%emt 0:02:20]} 26. Re8 {[%emt 0:01:19]} N6e7 {[%emt 0:01:50]} 27. Nf3 {[%emt 0:02:38]} Re6 {[%emt 0:08:33]} 28. Ne5 {[%emt 0:02:35]} Rxe5 {[%emt 0:00:06]} 29. fxe5 {[%emt 0:00:04]} Qxc4 {[%emt 0:00:07]} 30. Qh6 {[%emt 0:00:35]} Kg8 {[%emt 0:02:54]} 31. e6 {[%emt 0:00:12]} Rg7 {[%emt 0:00:21]} 32. Qf6 {[%emt 0:00:04]} Ng6 {[%emt 0:00:57]} 33. Rxc8 {[%emt 0:22:11]} 1-0

[Event "1st Welsh Masters 2019"]
[Site "Bridgend"]
[Date "2019.08.28"]
[Round "6.1"]
[White "Turner, Matthew J"]
[Black "Toczek, Grzegorz"]
[Result "1/2-1/2"]
[WhiteElo "2519"]
[BlackElo "2246"]
[Annotator "TA"]
[PlyCount "116"]
[EventDate "2019.08.26"]
[EventType "tourn"]
[EventCountry "WLS"]
[SourceTitle "playchess.com"]
[Source "ChessBase"]
[SourceQuality "1"]

{[%evp 12,116,12,-8,-6,-6,-6,-10,-7,-9,-4,0,0,-7,8,15,14,4,24,14,23,-29,42,10,16,0,0,0,0,16,12,-50,-12,-24,16,-18,13,13,13,17,16,14,30,18,24,20,28,29,28,26,16,12,15,15,9,0,11,0,8,6,0,0,0,0,0,0,0,0,0,0,0,0,0,0,0,0,0,0,0,0,0,8,8,0,0,0,0,0,0,0,0,0,0,0,8,0,0,0,0,0,0,0,0,0,0,0,0]} 1. Nf3 g6 2. e4 c6 3. d4 d5 4. exd5 cxd5 5. c4 Nf6 6. Nc3 Bg7 7. Bg5 Be6 {B14: Caro-Kann: Panov-Botvinnik Attack with 5...e6 and 5...g6} (7... Ne4 8. Bh4 Nxc3 9. bxc3 O-O 10. cxd5 Qxd5 11. Be2 Nc6 12. O-O e5 13. c4 Qe4 14. Bd3 Qg4 15. h3 Qh5 {½-½ (25) Van Wely,L (2667)-Ragger,M (2672) Brest 2018}) 8. Qb3 dxc4 9. Bxc4 Bxc4 10. Qxc4 O-O 11. O-O Nbd7 12. Rfe1 Nb6 13. Qb3 h6 $146 ({Predecessor:} 13... Qd7 14. Rad1 e6 15. Ne5 Qc8 16. h3 Nfd5 17. Rc1 Qe8 18. Bh4 {½-½ (18) Nokka,R (2250)-Koskinen,H (2215) Finland 1990}) 14. Bh4 g5 15. Bg3 e6 16. h4 (16. a4 $142) 16... Nh5 ({Black should play} 16... g4 $11 17. Ne5 Qxd4) 17. Be5 {Threatening hxg5.} g4 18. Nh2 g3 19. Nf3 gxf2+ 20. Kxf2 Nf6 21. Bxf6 (21. Kg1 $11) 21... Bxf6 22. Re4 Nd5 23. Rae1 Rc8 (23... Ne7 {is more complex.} 24. Kg1 h5 25. g4 Qc7 26. Qc2 Qg3+) 24. Nxd5 Qxd5 25. Qxd5 exd5 26. Rf4 Bg7 27. Rf5 Rc2+ 28. Re2 Rfc8 29. Rxd5 Rxe2+ $1 30. Kxe2 $11 {[%mdl 4096] Endgame KRB-KRN} Rc2+ {[%mdl 64] [#] Double Attack} 31. Kd3 {The position is equal.} Rxb2 32. Rd8+ Kh7 33. d5 Bf6 34. Rd7 Kg7 35. g4 Kf8 36. g5 hxg5 37. hxg5 Ke8 38. Rc7 Bd8 39. Rc8 Kd7 40. Ra8 Bc7 41. Rxa7 Kd6 42. Kc3 Rb5 43. Nd4 Rc5+ 44. Kd3 Rxd5 45. Rxb7 Rxg5 46. a4 {[#] Threatens to win with Nb5+.} Rd5 47. Ke4 {And now Nb5+ would win.} Re5+ 48. Kf3 {Hoping for Nb5+.} Kc5 49. Nb5 Ba5 50. Rxf7 Kb4 51. Rf4+ Kb3 52. Nd4+ Ka3 53. Rh4 Bb6 54. Nc2+ Kb3 55. Rb4+ Kxc2 56. Rxb6 Ra5 57. Rb4 Kc3 58. Re4 Kb3 {Accuracy: White = 52%, Black = 62%.} 1/2-1/2